[Event "24th Dubai Open A 2024"]
[Site "Dubai UAE"]
[Date "2024.05.26"]
[Round "2.8"]
[White "Can, Emre"]
[Black "Wang, Yanbin"]
[Result "1-0"]
[WhiteTitle "GM"]
[WhiteElo "2549"]
[BlackElo "2415"]
[WhiteFideId "6302181"]
[BlackFideId "8617996"]
[EventDate "2024.05.25"]

1. e4 c6 2. d4 d5 3. e5 Bf5 4. h4 h5 5. Bd3 Bxd3 6. Qxd3 e6 7. Bg5 Qb6 8. Nd2 c5
9. c4 Nc6 10. Ngf3 Nh6 11. O-O cxd4 12. cxd5 Nb4 13. Qc4 exd5 14. Qb3 a5 15. a3
a4 16. axb4 axb3 17. Rxa8+ Kd7 18. Nxb3 Rg8 19. Rd8+ Qxd8 20. Bxd8 Kxd8 21. Rd1
Kd7 22. Nfxd4 Bxb4 23. Nc2 Be7 24. Rxd5+ Kc6 25. Rd4 Ng4 26. Rc4+ Kb6 27. e6
fxe6 28. Re4 Ka7 29. f3 Nh6 30. Ncd4 Rd8 31. Nxe6 Rd1+ 32. Kh2 Nf5 33. Nbd4 Nxd4
34. Nxd4 Bf6 35. Nb5+ Kb6 36. Nc3 Rd3 37. Rb4+ Kc6 38. Rc4+ Kd7 39. Ne4 Be5+ 40.
Kh3 b6 41. Nc3 Rd2 42. Re4 Kd6 43. Nb5+ Kd5 44. Nc3+ Kd6 45. Nb5+ Kd5 46. Na3
Rd1 47. g3 Bxb2 48. Nc2 Kc6 49. Rc4+ Kb7 50. Rb4 Bf6 51. Ne3 Rd3 52. Nc4 Bd4 53.
Nd6+ Kc6 54. Nf5 Bc5 55. Re4 Rd7 56. Re6+ Kd5 57. Rg6 b5 58. Nxg7 b4 59. Nxh5
Kc4 60. Nf6 Rd4 61. Ne4 b3 62. Nxc5 Kxc5 63. Re6 Rd1 64. Re2 Kc4 65. h5 Kc3 66.
Kg4 Rd2 67. Rxd2 Kxd2 68. h6 b2 69. h7 b1=Q 70. h8=Q Qg6+ 71. Kh4 Ke2 72. Qh5
Qf6+ 73. Kh3 Kf2 74. f4 Qc3 75. Qg6 Kf3 76. Qg4+ Kf2 77. f5 Qf6 78. Qf4+ Ke2 79.
Kg4 Qg7+ 80. Qg5 Qd4+ 81. Kh3 Qd5 82. Qg4+ Kf2 83. Qf4+ Kg1 84. Kh4 Qf7 85. Qe3+
Kg2 86. Qe2+ Kg1 87. Qe6 Qh7+ 88. Kg5 Qg7+ 89. Kf4 Qc7+ 90. Kg4 Qg7+ 91. Kf3
Qb7+ 92. Qe4 Qb2 93. Qe2 Qb7+ 94. Kf4 Qc7+ 95. Qe5 Qc4+ 96. Kf3 Qf1+ 97. Kg4
Qc4+ 98. Kh3 Qf1+ 99. Kh4 Kg2 100. Qe4+ Kh2 101. g4 Qa1 102. Qf4+ Kg2 103. Qg3+
Kh1 104. Qf3+ Kh2 105. f6 Qe1+ 106. Kh5 Qe8+ 107. f7 Qf8 108. g5 Kg1 109. Qe3+ 1-0

[Event "24th Dubai Open A 2024"]
[Site "Dubai UAE"]
[Date "2024.05.26"]
[Round "2.9"]
[White "George Micheal, Kevin"]
[Black "Aronyak, Ghosh"]
[Result "0-1"]
[WhiteTitle "IM"]
[BlackTitle "IM"]
[WhiteElo "2258"]
[BlackElo "2528"]
[WhiteFideId "10669515"]
[BlackFideId "25072846"]
[EventDate "2024.05.25"]

1. e4 c5 2. Nf3 d6 3. Bb5+ Nd7 4. a4 Nf6 5. Nc3 a6 6. Be2 Qa5 7. O-O b5 8. d4 b4
9. Nd5 cxd4 10. Nxd4 Bb7 11. Nb3 Qd8 12. Nxb4 e6 13. c3 Nxe4 14. Be3 Be7 15. Nd2
Nec5 16. Bf3 d5 17. c4 a5 18. Nc2 Ne5 19. Be2 O-O 20. Nd4 dxc4 21. Nxc4 Qd5 22.
Bf3 Nxf3+ 23. Qxf3 Qxc4 24. Nc6 Bxc6 25. Qxc6 Qd5 26. Qxd5 exd5 27. Rac1 Rac8
28. Rfd1 Nxa4 29. Rxc8 Rxc8 30. Rxd5 Nxb2 31. Rxa5 Nc4 32. Rd5 Nxe3 33. fxe3 Rc2 0-1

[Event "24th Dubai Open A 2024"]
[Site "Dubai UAE"]
[Date "2024.05.26"]
[Round "2.10"]
[White "Dai, Changren"]
[Black "Liyanage, Ranindu Dilshan"]
[Result "1-0"]
[WhiteTitle "GM"]
[BlackTitle "IM"]
[WhiteElo "2510"]
[BlackElo "2352"]
[WhiteFideId "8608156"]
[BlackFideId "9915834"]
[EventDate "2024.05.25"]

1. d4 d5 2. c4 e6 3. Nc3 Nf6 4. cxd5 exd5 5. Bg5 c6 6. e3 h6 7. Bh4 Be7 8. Bd3
O-O 9. Nge2 Ne8 10. Bg3 Nd6 11. Qc2 Re8 12. O-O Bf8 13. h3 a5 14. a3 Na6 15. Kh1
Bd7 16. Ng1 b5 17. Nf3 Nc4 18. e4 dxe4 19. Bxe4 b4 20. Bh7+ Kh8 21. Bd3 Be6 22.
Ne2 Nb6 23. Nf4 Bd5 24. Ne5 Qf6 25. Qe2 Nc7 26. Qh5 Kg8 27. Nxd5 Nbxd5 28. Rac1
g6 29. Qd1 Re6 30. a4 Rd8 31. Qd2 h5 32. f4 Bh6 33. Qf2 Rde8 34. Rce1 h4 35. Bh2
Ne7 36. Ng4 Qh8 37. f5 Rxe1 38. Rxe1 Ned5 39. Rxe8+ Nxe8 40. fxg6 fxg6 41. Bxg6
Nef6 42. Be5 Bf4 43. Nxf6+ 1-0

[Event "24th Dubai Open A 2024"]
[Site "Dubai UAE"]
[Date "2024.05.26"]
[Round "2.11"]
[White "Sultan, Ibrahim"]
[Black "Pang, Tao"]
[Result "1-0"]
[WhiteTitle "IM"]
[BlackTitle "IM"]
[WhiteElo "2171"]
[BlackElo "2496"]
[WhiteFideId "9301143"]
[BlackFideId "8609950"]
[EventDate "2024.05.25"]

1. d4 Nf6 2. c4 e6 3. Nf3 b6 4. g3 Bb7 5. Bg2 Bb4+ 6. Bd2 Bxd2+ 7. Qxd2 O-O 8.
O-O d6 9. Nc3 Ne4 10. Qc2 Nxc3 11. Qxc3 Nd7 12. Rad1 Qe7 13. Qc2 f5 14. d5 e5
15. Bh3 g6 16. b4 Kh8 17. Nd2 a5 18. a3 axb4 19. axb4 b5 20. Nb3 bxc4 21. Na5
Ba6 22. Nxc4 Bxc4 23. Qxc4 Ra7 24. Ra1 Rfa8 25. Ra5 Qd8 26. Rfa1 Qb8 27. e4 Rxa5
28. bxa5 Qb2 29. Qa2 Qd4 30. exf5 gxf5 31. Bxf5 Nf6 32. Qa4 Qxa4 33. Rxa4 Nxd5
34. Be4 c6 35. Bxd5 cxd5 36. a6 Ra7 37. Kf1 Kg7 38. Ke2 Kf6 39. Kd3 Ke6 40. g4
Kd7 41. h4 Kc7 42. Ra5 Kb8 43. Rb5+ Ka8 44. Rb7 Rxa6 45. Rxh7 Ra4 46. Rg7 e4+
47. Ke2 d4 48. Rd7 d3+ 49. Ke3 Rd4 50. Kd2 e3+ 51. fxe3 Rxg4 52. h5 Rh4 53. Rh7
Kb8 54. Kxd3 Kc8 55. e4 Kd8 56. Kd4 Ke8 57. Kd5 Kf8 58. h6 Ke8 59. e5 dxe5 60.
Ke6 Kd8 61. Rh8+ Kc7 62. Kxe5 Rh1 63. Ke6 Kb7 64. Kf6 Rh2 65. Kg6 Kc7 66. h7
Rg2+ 67. Kf6 Rf2+ 68. Ke6 Re2+ 69. Kd5 Rd2+ 70. Kc4 Rd7 71. Ra8 1-0

[Event "24th Dubai Open A 2024"]
[Site "Dubai UAE"]
[Date "2024.05.26"]
[Round "2.13"]
[White "Mendonca, Leon Luke"]
[Black "Sibashvili, Giorgi"]
[Result "1/2-1/2"]
[WhiteTitle "GM"]
[BlackTitle "IM"]
[WhiteElo "2640"]
[BlackElo "2423"]
[WhiteFideId "35028561"]
[BlackFideId "13602799"]
[EventDate "2024.05.25"]

1. e4 e5 2. Nf3 Nc6 3. Bc4 Bc5 4. d3 Nf6 5. c3 O-O 6. Bg5 h6 7. Bh4 Be7 8. Nbd2
d6 9. a4 Kh8 10. O-O Nh7 11. Bg3 f5 12. exf5 Bxf5 13. a5 a6 14. Qb3 Nf6 15. d4
e4 16. Ne1 d5 17. Be2 Bd6 18. Nc2 Bxg3 19. hxg3 Bg4 20. Rfe1 Bxe2 21. Rxe2 Ng4
22. Nf1 Qd7 23. Nce3 Ne7 24. Nxg4 Qxg4 25. Rae1 Qd7 26. Ne3 c6 27. c4 Nf5 28.
Nxf5 Rxf5 29. cxd5 cxd5 30. Rc1 Raf8 31. Rc5 Qf7 32. Qc2 Qh5 33. Rc7 Qg4 34. Qd2
e3 35. Qxe3 Rxf2 36. Rxf2 Qd1+ 37. Kh2 Qh5+ 38. Kg1 Qd1+ 1/2-1/2

[Event "24th Dubai Open A 2024"]
[Site "Dubai UAE"]
[Date "2024.05.26"]
[Round "2.14"]
[White "Buksa, Nataliya"]
[Black "Indjic, Aleksandar"]
[Result "0-1"]
[WhiteTitle "IM"]
[BlackTitle "GM"]
[WhiteElo "2383"]
[BlackElo "2603"]
[WhiteFideId "14123622"]
[BlackFideId "911925"]
[EventDate "2024.05.25"]

1. e4 c5 2. Nf3 d6 3. d4 cxd4 4. Nxd4 Nf6 5. Nc3 a6 6. Be3 e5 7. Nf3 Be7 8. Bc4
O-O 9. O-O Nc6 10. Bb3 h6 11. Nh4 Na5 12. Ng6 Nxb3 13. Bb6 Qe8 14. Nxe7+ Qxe7
15. axb3 Be6 16. Qd3 Rfc8 17. Rfd1 Rc6 18. Be3 Rac8 19. f4 b5 20. f5 Bd7 21. Rd2
b4 22. Nd5 Nxd5 23. exd5 R6c7 24. Qe4 g6 25. fxg6 f5 26. Qxb4 f4 27. Bxf4 exf4
28. Qxf4 Rxc2 29. Rxc2 Rxc2 30. Qxh6 Bb5 31. h4 Bd3 32. Qf4 Be4 33. Re1 Qa7+ 34.
Re3 Bxd5 35. Kf1 Rc8 36. Ke2 Qg7 37. Rc3 Rxc3 38. bxc3 Qxg6 39. g4 Bxb3 40. Qb4
Qe6+ 41. Kf2 Bc4 42. h5 Qe2+ 43. Kg3 Qe1+ 44. Kf4 Qe5+ 45. Kf3 Bb5 46. g5 Qe2+
47. Kg3 Qe3+ 48. Kg2 Qxg5+ 0-1

[Event "24th Dubai Open A 2024"]
[Site "Dubai UAE"]
[Date "2024.05.26"]
[Round "2.15"]
[White "Jumabayev, Rinat"]
[Black "Injac, Teodora"]
[Result "1-0"]
[WhiteTitle "GM"]
[BlackTitle "IM"]
[WhiteElo "2595"]
[BlackElo "2422"]
[WhiteFideId "13702661"]
[BlackFideId "932400"]
[EventDate "2024.05.25"]

1. d4 d5 2. c4 c6 3. Nf3 Nf6 4. g3 g6 5. Qa4 Nfd7 6. cxd5 Nb6 7. Qd1 cxd5 8. Bg2
Bg7 9. Nc3 Nc6 10. e3 O-O 11. O-O Bg4 12. h3 Bxf3 13. Qxf3 e6 14. Rd1 Rc8 15.
Qe2 Qe7 16. Bd2 Rfd8 17. Be1 Nc4 18. Rac1 Nd6 19. Na4 Rc7 20. Nc5 Rdc8 21. Rc3
Nf5 22. Nd3 Qd8 23. Rdc1 Nb8 24. Qd1 Rxc3 25. Bxc3 Nd6 26. Qa4 Nc6 27. Be1 h5
28. Nc5 Qe8 29. h4 Kh7 30. Bd2 b6 31. Nd3 Na5 32. Qxe8 Rxc1+ 33. Nxc1 Nxe8 34.
Bxa5 bxa5 35. Nb3 a4 36. Na5 Nd6 37. Nc6 Nc4 38. b3 axb3 39. axb3 Nd2 40. b4 Bf8
41. b5 Nc4 42. Nxa7 Bd6 43. Bf1 Nb6 44. Nc6 Kg7 45. Bd3 Kf6 46. Kg2 Nd7 47. f3
Bc7 48. g4 e5 49. Bc2 exd4 50. g5+ Ke6 51. Nxd4+ Kd6 52. f4 Ba5 53. Kf2 Bb6 54.
Ke2 Kc5 55. Bd3 Kd6 56. Nc6 Bc7 57. f5 gxf5 58. Nd4 Kc5 59. Bxf5 Ne5 60. Bc2 Bb8
61. Bd1 Nc4 62. Kf2 Be5 63. Bxh5 Nd6 64. Be2 f5 65. Ne6+ Kb6 66. h5 Ne8 67. h6 1-0

[Event "24th Dubai Open A 2024"]
[Site "Dubai UAE"]
[Date "2024.05.26"]
[Round "2.16"]
[White "Celik, Hasan Huseyin"]
[Black "Moroni, Luca Jr"]
[Result "0-1"]
[WhiteTitle "IM"]
[BlackTitle "GM"]
[WhiteElo "2421"]
[BlackElo "2580"]
[WhiteFideId "44506759"]
[BlackFideId "865834"]
[EventDate "2024.05.25"]

1. d4 Nf6 2. c4 e6 3. Nf3 d5 4. Nc3 Ne4 5. Qb3 Nxc3 6. Qxc3 a5 7. a3 Bb4 8. axb4
axb4 9. Rxa8 bxc3 10. Rxb8 cxb2 11. Bxb2 O-O 12. c5 Qd7 13. Ra8 Qb5 14. Bc3 Qb3
15. Kd2 Bd7 16. Ra1 b5 17. cxb6 cxb6 18. Ne5 Rc8 19. Rc1 Ba4 20. Nd3 e5 21. dxe5
d4 22. Bxd4 Rxc1 23. Nxc1 Qc2+ 24. Ke3 Qxc1+ 25. Kf3 Bc6+ 26. Kg4 h5+ 0-1

[Event "24th Dubai Open A 2024"]
[Site "Dubai UAE"]
[Date "2024.05.26"]
[Round "2.17"]
[White "Muradli, Mahammad"]
[Black "Stella, Andrea"]
[Result "1-0"]
[WhiteTitle "GM"]
[BlackTitle "GM"]
[WhiteElo "2560"]
[BlackElo "2397"]
[WhiteFideId "13409301"]
[BlackFideId "827061"]
[EventDate "2024.05.25"]

1. d4 Nf6 2. c4 e6 3. Nf3 d5 4. Nc3 dxc4 5. e4 Bb4 6. Bg5 c5 7. Bxc4 cxd4 8.
Nxd4 Bd7 9. Qb3 Qb6 10. Nb5 Nc6 11. O-O-O Be7 12. Be2 Rc8 13. Nd6+ Bxd6 14. Qxb6
axb6 15. Rxd6 Nb4 16. Kb1 Rxc3 17. Bxf6 Rc6 18. Be5 f6 19. Rhd1 Rxd6 20. Bxd6
Nc6 21. Bc7 e5 22. Bxb6 Be6 23. b4 Kf7 24. b5 Nb8 25. Rc1 Nd7 26. Rc7 Ra8 27.
Rxb7 Bxa2+ 28. Kb2 Be6 29. Ba7 Kf8 30. b6 Nc5 31. Rc7 Na4+ 32. Kc1 1-0

[Event "24th Dubai Open A 2024"]
[Site "Dubai UAE"]
[Date "2024.05.26"]
[Round "2.18"]
[White "Vignesh, N R"]
[Black "Balajayeva, Khanim"]
[Result "0-1"]
[WhiteTitle "GM"]
[BlackTitle "IM"]
[WhiteElo "2526"]
[BlackElo "2376"]
[WhiteFideId "25012215"]
[BlackFideId "13406396"]
[EventDate "2024.05.25"]

1. e4 e5 2. Nf3 Nc6 3. Bb5 a6 4. Ba4 Nf6 5. O-O Be7 6. d3 b5 7. Bb3 d6 8. c3 O-O
9. Re1 Na5 10. Bc2 c5 11. d4 cxd4 12. cxd4 Bg4 13. d5 Qc7 14. Bd3 Nb7 15. h3 Bd7
16. b4 a5 17. Bd2 axb4 18. Bxb4 Nc5 19. Nc3 Rab8 20. Rc1 Rfc8 21. Bf1 Qa7 22.
Qd2 Bd8 23. Rb1 Ne8 24. Rec1 Na6 25. a3 Nxb4 26. axb4 Nf6 27. Ra1 Qb7 28. Bd3 h6
29. Qe1 Nh5 30. Ne2 f5 31. exf5 Qxd5 32. Rd1 Qf7 33. Ra7 Rc7 34. Rxc7 Bxc7 35.
Qc3 Bb6 36. Bc2 Bxf5 37. Rxd6 Bxc2 38. Qxc2 Kh8 39. Qd3 Qa7 40. g4 Nf6 41. Qf5
Bxf2+ 42. Kf1 Bd4 43. g5 Nh7 44. gxh6 Rf8 45. hxg7+ Qxg7 46. Qh5 Qg5 47. Qxg5
Rxf3+ 48. Kg2 Rf2+ 49. Kg3 Nxg5 50. Rd8+ Kg7 51. Nxd4 Ne4+ 52. Kg4 Rf4+ 53. Kh5
Nf6+ 54. Kg5 Nh7+ 55. Kh5 Rxd4 0-1

[Event "24th Dubai Open A 2024"]
[Site "Dubai UAE"]
[Date "2024.05.26"]
[Round "2.19"]
[White "Aliyev, Ravan"]
[Black "Ioannidis, Evgenios"]
[Result "0-1"]
[WhiteTitle "FM"]
[BlackTitle "GM"]
[WhiteElo "2352"]
[BlackElo "2518"]
[WhiteFideId "13409980"]
[BlackFideId "4229274"]
[EventDate "2024.05.25"]

1. Nf3 Nf6 2. g3 b5 3. Bg2 Bb7 4. O-O e6 5. d3 Be7 6. e4 d6 7. c3 c5 8. a4 b4 9.
Nbd2 O-O 10. Nc4 d5 11. exd5 Nxd5 12. Bd2 Nc6 13. a5 Rc8 14. a6 Ba8 15. Re1 Bf6
16. Qc2 Qc7 17. Bg5 bxc3 18. Bxf6 Ncb4 19. Qe2 Nxf6 20. bxc3 Nbd5 21. Qc2 Nb6
22. Na3 Rfd8 23. Nb5 Qe7 24. c4 Ne8 25. Nd2 Bxg2 26. Kxg2 Nd6 27. Nxd6 Qxd6 28.
Ra3 Nd7 29. Nf3 Nb8 30. Rea1 Nc6 31. Qa4 Rb8 32. Rb3 e5 33. Rb7 Nb4 34. Rxa7
Nxd3 35. Ne1 Nb4 36. Kg1 h5 37. Ng2 Rb6 38. h4 Qb8 39. Rb7 Rxb7 40. axb7 Qxb7
41. Qa5 Rc8 42. Ne3 Qf3 43. Rd1 Kh7 44. Qa1 Nc6 45. Qb1+ e4 46. Qb7 Rd8 47. Rxd8
Nxd8 48. Qd5 Ne6 49. Nf5 g6 50. Nd6 Kg8 51. Nxe4 Nd4 52. Kh2 Qe2 53. Kg2 Nc2 54.
Qd8+ Kh7 55. Nf6+ Kg7 56. Ne8+ Kh6 57. Qg5+ Kh7 58. Nf6+ Kg7 59. Kg1 Nd4 60. Qf4
Qe6 61. Nxh5+ gxh5 62. Qg5+ Qg6 63. Qe5+ Kh7 64. Qxc5 Nf3+ 65. Kf1 Qg4 66. Qd5
Qxc4+ 67. Qxc4 Nd2+ 68. Ke2 Nxc4 69. f3 Kg6 70. Kd3 Nd6 71. g4 f5 72. g5 f4 73.
Kd4 Nf5+ 74. Ke5 Nxh4 75. Kxf4 Nf5 0-1

[Event "24th Dubai Open A 2024"]
[Site "Dubai UAE"]
[Date "2024.05.26"]
[Round "2.20"]
[White "Piliposyan, Robert"]
[Black "Muthaiah, AL"]
[Result "0-1"]
[WhiteTitle "FM"]
[BlackTitle "IM"]
[WhiteElo "2364"]
[BlackElo "2493"]
[WhiteFideId "13309978"]
[BlackFideId "5092442"]
[EventDate "2024.05.25"]

1. d4 Nf6 2. c4 e6 3. Nf3 d5 4. Nc3 Bb4 5. Bg5 h6 6. Bxf6 Qxf6 7. e3 O-O 8. Rc1
dxc4 9. Bxc4 c5 10. O-O cxd4 11. Ne4 Qe7 12. a3 Ba5 13. exd4 Nc6 14. Bb5 Bd7 15.
Nc5 Be8 16. Qe2 Bb6 17. b4 a5 18. Rb1 axb4 19. axb4 Rd8 20. Qe4 Ne5 21. Qxe5
Bxb5 22. Nxe6 fxe6 23. Qxb5 Bxd4 24. Qe2 e5 25. Nxd4 Rxd4 26. b5 Qd6 27. Rbe1 e4
28. Qb2 Rb4 29. Qa2+ Kh7 30. Qa3 Rf6 31. Rd1 Qc5 32. Qa2 Qxb5 33. Rb1 Rxb1 34.
Qxb1 Qd3 35. Re1 b5 36. Qb4 Re6 37. Qc5 Rf6 38. Qe5 b4 39. Qxe4+ Qxe4 40. Rxe4
Rb6 41. Re1 Kg6 42. f3 b3 43. Rb1 Kf5 44. Kf2 b2 45. Ke3 Ke5 46. Kd3 Kf4 47. Ke2
g5 48. Kd2 h5 49. Ke2 Rb3 50. Kd2 h4 51. Ke2 h3 52. gxh3 Rb8 53. Kf2 Rb7 54. Kg2
Ke3 55. h4 gxh4 56. Kh3 Kxf3 57. Rf1+ Ke2 58. Rb1 Rb4 0-1

[Event "24th Dubai Open A 2024"]
[Site "Dubai UAE"]
[Date "2024.05.26"]
[Round "2.21"]
[White "Srihari, L R"]
[Black "Hossain, Enamul"]
[Result "1-0"]
[WhiteTitle "IM"]
[BlackTitle "GM"]
[WhiteElo "2485"]
[BlackElo "2365"]
[WhiteFideId "46617116"]
[BlackFideId "10200649"]
[EventDate "2024.05.25"]

1. c4 e6 2. Nf3 d5 3. g3 Nf6 4. Bg2 Be7 5. O-O O-O 6. b3 b6 7. d4 Bb7 8. Nc3
dxc4 9. bxc4 Ne4 10. Bb2 Nxc3 11. Bxc3 Be4 12. Qc1 Nd7 13. Rd1 Qc8 14. Qe3 Qb7
15. d5 Nc5 16. Nd4 Bxg2 1-0

[Event "24th Dubai Open A 2024"]
[Site "Dubai UAE"]
[Date "2024.05.26"]
[Round "2.22"]
[White "Gholami Orimi, Mahdi"]
[Black "Zhai, Mo"]
[Result "1-0"]
[WhiteTitle "IM"]
[BlackTitle "WGM"]
[WhiteElo "2470"]
[BlackElo "2348"]
[WhiteFideId "12558486"]
[BlackFideId "8600201"]
[EventDate "2024.05.25"]

1. c4 Nf6 2. Nc3 e5 3. Nf3 Nc6 4. e3 Bb4 5. Qc2 O-O 6. Nd5 Re8 7. Qf5 d6 8.
Nxf6+ Qxf6 9. Qxf6 gxf6 10. a3 Bc5 11. b4 Bb6 12. Bb2 a5 13. b5 Ne7 14. d4 a4
15. O-O-O Bf5 16. Nh4 Bg4 17. Nf3 Bf5 18. Rg1 c6 19. g4 Be4 20. Nd2 Bg6 21. h4
h6 22. f4 exf4 23. exf4 cxb5 24. f5 Bh7 25. Ne4 Nd5 26. Nxd6 bxc4 27. Nxe8 Rxe8
28. Kb1 Rc8 29. Rc1 c3 30. Bg2 Bxd4 31. Rgd1 c2+ 32. Rxc2 Rxc2 33. Kxc2 Ne3+ 34.
Kd3 Bxb2 35. Kxe3 Bxa3 36. Bxb7 Bb2 37. Rd7 h5 38. Bd5 hxg4 39. Bxf7+ Kh8 40.
Be6 a3 41. Ra7 Be5 42. Rxa3 Bg3 43. h5 Kg7 44. Ra4 Kh6 45. Rxg4 Be1 46. Rg1 Bh4
47. Kf4 Bf2 48. Rd1 Bb6 49. Kg4 Ba5 50. Ra1 Bb6 51. Ra8 Kg7 52. Rb8 Be3 53. Rb7+
Kh6 54. Bf7 Bg5 55. Be6 Be3 56. Kf3 Bg5 57. Ke4 Bd2 58. Kd5 Bf4 59. Rb1 Be3 60.
Kd6 Bd2 61. Ke7 Bg5 62. Rh1 Kg7 63. h6+ Kh8 64. Rh5 1-0

[Event "24th Dubai Open A 2024"]
[Site "Dubai UAE"]
[Date "2024.05.26"]
[Round "2.23"]
[White "Mammadzada, Gunay"]
[Black "Krawczyk, Flawian"]
[Result "1/2-1/2"]
[WhiteTitle "IM"]
[BlackTitle "CM"]
[WhiteElo "2436"]
[BlackElo "2315"]
[WhiteFideId "13403729"]
[BlackFideId "21881413"]
[EventDate "2024.05.25"]

1. e4 c6 2. d4 d5 3. e5 Bf5 4. c4 e6 5. cxd5 cxd5 6. Bd3 Bb4+ 7. Kf1 Bxd3+ 8.
Qxd3 Nc6 9. Nf3 Rc8 10. Bf4 Be7 11. Nc3 g5 12. Be3 a6 13. g3 h5 14. Kg2 Nh6 15.
h4 g4 16. Nd2 Nf5 17. Nb3 Na5 18. Nd2 b5 19. Rac1 Nc4 20. Nxc4 bxc4 21. Qd2 1/2-1/2

[Event "24th Dubai Open A 2024"]
[Site "Dubai UAE"]
[Date "2024.05.26"]
[Round "2.24"]
[White "Vakhidov, Jakhongir"]
[Black "Zherebtsova, Alexandra"]
[Result "1-0"]
[WhiteTitle "GM"]
[BlackTitle "FM"]
[WhiteElo "2599"]
[BlackElo "2302"]
[WhiteFideId "14201801"]
[BlackFideId "24129518"]
[EventDate "2024.05.25"]

1. d4 Nf6 2. c4 e6 3. Nc3 d5 4. cxd5 exd5 5. Bg5 c6 6. e3 Bd6 7. Bd3 O-O 8. Nf3
Be6 9. Qb3 b5 10. O-O Nbd7 11. Ne2 Qb8 12. Qc2 Rc8 13. Rac1 a5 14. h3 h6 15. Bf4
Nh5 16. Bxd6 Qxd6 17. Nd2 Nhf6 18. f4 Nb6 19. b3 a4 20. Qc5 Qd8 21. Ng3 axb3 22.
axb3 Ra2 23. Rfd1 h5 24. Bb1 Ra6 25. Nf3 h4 26. Nf5 Bxf5 27. Bxf5 Ne4 28. Qc2
Rc7 29. Ne5 Ng3 30. Bh7+ Kh8 31. Bd3 Na8 32. Ra1 Rxa1 33. Rxa1 Qe8 34. Qd1 Nb6
35. Qg4 Qe7 36. Ra6 Rb7 37. Ra8+ 1-0

[Event "24th Dubai Open A 2024"]
[Site "Dubai UAE"]
[Date "2024.05.26"]
[Round "2.25"]
[White "Iniyan, Pa"]
[Black "Xie, Kaifan"]
[Result "1-0"]
[WhiteTitle "GM"]
[BlackTitle "CM"]
[WhiteElo "2493"]
[BlackElo "2376"]
[WhiteFideId "25002767"]
[BlackFideId "8619107"]
[EventDate "2024.05.25"]

1. d4 Nf6 2. c4 e6 3. Nf3 d5 4. Nc3 Bb4 5. Qa4+ Nc6 6. e3 O-O 7. Qc2 Ne7 8. a3
Bxc3+ 9. Qxc3 b6 10. b3 Bb7 11. Bb2 dxc4 12. Bxc4 Rc8 13. Rd1 Nf5 14. b4 Qe7 15.
Bd3 c5 16. dxc5 bxc5 17. b5 Ne4 18. Bxe4 Bxe4 19. Nd2 Bb7 20. f3 Qg5 21. Kf2
Rfd8 22. g4 Qh4+ 23. Ke2 Qg5 24. h4 Ng3+ 25. Ke1 Qg6 26. h5 Qg5 27. Rh3 c4 28.
Rxg3 f6 29. Nf1 Rxd1+ 30. Kxd1 Rd8+ 31. Ke1 Qxb5 32. g5 Rd3 33. Qb4 Qxb4+ 34.
axb4 c3 35. Bxc3 Rxc3 36. gxf6 g6 37. hxg6 hxg6 38. Rxg6+ Kf8 39. Kf2 Rc2+ 40.
Kg3 Rc1 41. Rg7 Bxf3 42. Kxf3 Rxf1+ 43. Ke4 Rxf6 44. Rxa7 Rf5 45. Ra5 Rf1 46.
Ke5 Ke7 47. Ra7+ Kd8 48. Kxe6 Re1 49. Ra3 Kc7 50. Rb3 1-0

[Event "24th Dubai Open A 2024"]
[Site "Dubai UAE"]
[Date "2024.05.26"]
[Round "2.26"]
[White "Zhu, Jiner"]
[Black "Ahmad, Khagan"]
[Result "0-1"]
[WhiteTitle "GM"]
[BlackTitle "FM"]
[WhiteElo "2476"]
[BlackElo "2375"]
[WhiteFideId "8608059"]
[BlackFideId "13431552"]
[EventDate "2024.05.25"]

1. e4 c5 2. Nf3 d6 3. d4 cxd4 4. Nxd4 Nf6 5. Nc3 a6 6. Be3 e5 7. Nf3 Be7 8. Bc4
O-O 9. Bb3 Be6 10. O-O Qc7 11. Qe2 b5 12. Bg5 Nbd7 13. Bxf6 Nxf6 14. a3 Rfc8 15.
Rfd1 Rab8 16. Ne1 Bc4 17. Qe3 Qc6 18. Bxc4 bxc4 19. Rab1 Bd8 20. Nf3 Bb6 21. Qe2
Rb7 22. h3 Rcb8 23. Nd5 Nxd5 24. exd5 Qa4 25. Qe4 Rc7 26. Ng5 g6 27. Qh4 h5 28.
Rbc1 Rcc8 29. Ne4 Bd8 30. Qg3 Be7 31. f4 c3 32. Nxc3 Qxf4 33. Qxf4 exf4 34. Na4
Bf6 35. b4 Rc4 36. c3 Re8 37. Nb6 Rce4 38. Kh1 Bd8 39. Nd7 Re2 40. c4 R8e7 41.
Nb8 R7e3 42. Rg1 f3 43. gxf3 Rxf3 44. Rg2 Rxh3+ 45. Kg1 Re4 46. a4 Reh4 47. Rcc2
Rh1+ 48. Kf2 Re4 49. Nc6 Bh4+ 50. Kf3 Ree1 51. Rce2 Rh3+ 52. Kf4 Rf1+ 0-1

[Event "24th Dubai Open A 2024"]
[Site "Dubai UAE"]
[Date "2024.05.26"]
[Round "2.27"]
[White "Khripachenko, Alexander"]
[Black "Movahed, Sina"]
[Result "0-1"]
[WhiteTitle "FM"]
[BlackTitle "IM"]
[WhiteElo "2371"]
[BlackElo "2463"]
[WhiteFideId "54184975"]
[BlackFideId "42520835"]
[EventDate "2024.05.25"]

1. e4 c5 2. Nf3 d6 3. d4 cxd4 4. Nxd4 Nf6 5. Nc3 Nc6 6. Bg5 Bd7 7. Nxc6 Bxc6 8.
Bxf6 gxf6 9. Bb5 h5 10. Qd3 h4 11. O-O-O Rh5 12. f4 Bxb5 13. Nxb5 Qa5 14. Nc3
Rc5 15. Kb1 Rac8 16. Rhe1 Bg7 17. Re3 Kf8 18. f5 b5 19. Re2 Rxc3 20. bxc3 Rxc3
21. Qd2 Qa3 22. Qc1 Qc5 23. Rd3 Rc4 24. Qe3 Qxe3 25. Rdxe3 Bh6 26. Rb3 b4 27.
Rh3 Bg5 28. Kb2 a5 29. Kb3 Rc5 30. c4 bxc3 31. Rxc3 Re5 32. Rd3 e6 33. fxe6 fxe6
34. Rxd6 f5 35. Rd4 Ke7 36. Kc2 f4 37. h3 Bf6 38. Kb3 Rb5+ 39. Ka4 Rc5 40. Rd3
Be5 41. Rb3 Kf6 42. Rb5 Rc3 43. Rb3 Rc5 44. Rd3 Bc7 45. Kb3 Be5 46. Rf3 Kg5 47.
Rd3 Kf6 48. a3 Kg5 49. Ka4 Kf6 50. Rb3 Bc7 51. Rb5 Rc1 52. Rh5 Rc3 53. Rxh4 Re3
54. e5+ Kxe5 55. Rf2 Ke4 56. Rh6 e5 57. h4 Bd8 58. h5 Re1 59. Rh8 Be7 60. h6 Rh1
61. Rf3 Bf6 62. Rh7 Kf5 63. g3 Ke4 64. Rb3 f3 65. Rb2 Kf5 66. Rb3 e4 67. Rb5+
Kg6 0-1

[Event "24th Dubai Open A 2024"]
[Site "Dubai UAE"]
[Date "2024.05.26"]
[Round "2.28"]
[White "Xie, Felix"]
[Black "Durak, Can"]
[Result "0-1"]
[WhiteTitle "FM"]
[BlackTitle "IM"]
[WhiteElo "2359"]
[BlackElo "2434"]
[WhiteFideId "4308174"]
[BlackFideId "44552971"]
[EventDate "2024.05.25"]

1. e4 c5 2. Nf3 d6 3. d4 cxd4 4. Nxd4 Nf6 5. Nc3 Nc6 6. Bc4 e6 7. Be3 Be7 8. Qe2
a6 9. O-O-O Nxd4 10. Bxd4 b5 11. Bb3 Bb7 12. a3 O-O 13. f4 Qa5 14. Kb1 Rac8 0-1